Study guide to: Justice, crime and ethics by |Mathew Bender, 6th ed. / (Record no. 9507)
[ view plain ]
| 000 -LEADER | |
|---|---|
| fixed length control field | 01757nam a22002177a 4500 |
| 003 - CONTROL NUMBER IDENTIFIER | |
| control field | OSt |
| 005 - DATE AND TIME OF LATEST TRANSACTION | |
| control field | 20230415122303.0 |
| 008 - FIXED-LENGTH DATA ELEMENTS--GENERAL INFORMATION | |
| fixed length control field | 120620t xxu||||| |||| 00| 0 eng d |
| 020 ## - INTERNATIONAL STANDARD BOOK NUMBER | |
| International Standard Book Number | 9781593455132 |
| Qualifying information | 1593455135 |
| 040 ## - CATALOGING SOURCE | |
| Transcribing agency | WIUC-GH |
| 050 ## - LIBRARY OF CONGRESS CALL NUMBER | |
| Classification number | HV9950.M47 |
| 100 ## - MAIN ENTRY--PERSONAL NAME | |
| Personal name | McDowell, Lana |
| 9 (RLIN) | 1195 |
| 245 ## - TITLE STATEMENT | |
| Title | Study guide to: Justice, crime and ethics by |Mathew Bender, 6th ed. / |
| Statement of responsibility, etc. | Lana McDowell, Jenniffer Mongold |
| 250 ## - EDITION STATEMENT | |
| Edition statement | 6th ed. |
| 260 ## - PUBLICATION, DISTRIBUTION, ETC. | |
| Place of publication, distribution, etc. | Cincinati, OH : |
| Name of publisher, distributor, etc. | LexisNexis, |
| Date of publication, distribution, etc. | 2008. |
| 300 ## - PHYSICAL DESCRIPTION | |
| Extent | iv, 75 p.: |
| 505 ## - FORMATTED CONTENTS NOTE | |
| Formatted contents note | Contents: Ethics, crime and justice: an introductory note to students -- Utilitarian and deontological approaches to criminal justice ethics -- Peacemaking, justice and ethics -- How police officers learn ethics -- The ethics of deceptive interrogation -- Ethical dilemmas in police work -- Police ethics, legal proselytism and the social order: paving the path to misconduct -- Whatever happened to Atticus Finch? -- Lawyers as legal advocates and moral agents -- Prosecutor misconduct -- Criminal sentencing: ethical issues and the problems of reform -- Crime and punishment: punishment philosophies and ethical dilemmas -- To die or not to die: morality, ethics and the death penalty -- Ethical issues in probation, parole and community corrections -- Restorative justice and the peacemaking ethic -- Keeping an eye on the keeper: prison corruption and its control -- Ethics and prison: selected issues -- Crime and justice myths -- The Ford Pinto case and beyond: assessing blame -- Ethics and criminal justice research -- The Canary's song: Guantanamo and the war on terrorism -- Criminal justice: an ethic for the future -- |
| 650 ## - SUBJECT ADDED ENTRY--TOPICAL TERM | |
| Topical term or geographic name entry element | Criminal justice |
| 9 (RLIN) | 1196 |
| 700 ## - ADDED ENTRY--PERSONAL NAME | |
| Personal name | Mongold, Jennifer |
| 9 (RLIN) | 1197 |
| 942 ## - ADDED ENTRY ELEMENTS (KOHA) | |
| Source of classification or shelving scheme | Library of Congress Classification |
| Koha item type | Books |
| Withdrawn status | Lost status | Source of classification or shelving scheme | Damaged status | Not for loan | Home library | Current library | Shelving location | Date acquired | Full call number | Barcode | Date last seen | Koha item type |
|---|---|---|---|---|---|---|---|---|---|---|---|---|
| Library of Congress Classification | WISCONSIN INTERNATIONAL UNIVERSITY COLLEGE, GHANA KUMASI LIBRARY | WISCONSIN INTERNATIONAL UNIVERSITY COLLEGE, GHANA KUMASI LIBRARY | Law Library | 24/03/2023 | HV9950.M47(6e) | KSL/1749/012/23 | 13/04/2023 | Books |
